American gangster : (Record no. 1876)

000 -LEADER
fixed length control field 01265nam a22003737a 4500
001 - CONTROL NUMBER
control field 15789218
003 - CONTROL NUMBER IDENTIFIER
control field OSt
005 - DATE AND TIME OF LATEST TRANSACTION
control field 20210419080740.0
008 - FIXED-LENGTH DATA ELEMENTS--GENERAL INFORMATION
fixed length control field 090624s2007 nyu 000 1 eng
010 ## - LIBRARY OF CONGRESS CONTROL NUMBER
LC control number 2009284518
020 ## - INTERNATIONAL STANDARD BOOK NUMBER
International Standard Book Number 9780765359018 (pbk.)
020 ## - INTERNATIONAL STANDARD BOOK NUMBER
International Standard Book Number 0765359014 (pbk.)
040 ## - CATALOGING SOURCE
Original cataloging agency DLC
Transcribing agency DLC
Modifying agency DLC
Language of cataloging eng
041 ## - LANGUAGE CODE
Language code of text/sound track or separate title eng
050 00 - LIBRARY OF CONGRESS CALL NUMBER
Classification number PS3553.O4753
Item number A79 2007
080 ## - UNIVERSAL DECIMAL CLASSIFICATION NUMBER
Universal Decimal Classification number 821.111
Item number C-70
082 00 - DEWEY DECIMAL CLASSIFICATION NUMBER
Classification number 813/.54
Edition number 22
100 1# - MAIN ENTRY--PERSONAL NAME
Personal name Collins, Max Allan.
245 10 - TITLE STATEMENT
Title American gangster :
Remainder of title a novelization /
Statement of responsibility, etc. / by: A Tom Doherty Associates Book
250 ## - EDITION STATEMENT
Edition statement 1st edition
260 ## - PUBLICATION, DISTRIBUTION, ETC.
Place of publication, distribution, etc. New York
Name of publisher, distributor, etc. A Tom Doherty Associates Book
Date of publication, distribution, etc. 2007.
300 ## - PHYSICAL DESCRIPTION
Extent 290 p.
Dimensions 18 cm.
365 ## - TRADE PRICE
Price amount 7.99 usd
500 ## - GENERAL NOTE
General note "Based on the motion picture screenplay by Steven Zaillian."
600 10 - SUBJECT ADDED ENTRY--PERSONAL NAME
Personal name Lucas, Frank,
Dates associated with a name 1930-2019
Form subdivision Fiction.
650 #0 - SUBJECT ADDED ENTRY--TOPICAL TERM
Topical term or geographic name entry element Drug traffic
Form subdivision Drama.
650 #0 - SUBJECT ADDED ENTRY--TOPICAL TERM
Topical term or geographic name entry element English literature
9 (RLIN) 247
650 #0 - SUBJECT ADDED ENTRY--TOPICAL TERM
Topical term or geographic name entry element Gangsters
Form subdivision Drama.
653 ## - INDEX TERM--UNCONTROLLED
Uncontrolled term ინგლისური ლიტერატურა
700 1# - ADDED ENTRY--PERSONAL NAME
Personal name Zaillian, Steven.
906 ## - LOCAL DATA ELEMENT F, LDF (RLIN)
a 7
b cbc
c origres
d 2
e ncip
f 20
g y-gencatlg
942 ## - ADDED ENTRY ELEMENTS (KOHA)
Source of classification or shelving scheme
Koha item type Books
Edition 1
Holdings
Withdrawn status Lost status Source of classification or shelving scheme Damaged status Not for loan Permanent location Current location Date acquired Inventory number Total Checkouts Full call number Barcode Date last seen Price effective from Koha item type
          Ken Walker International University Ken Walker International University 03/03/2021 1767   821.111 C-70 1767 03/03/2021 03/03/2021 Books

Powered by Koha